Las aventuras de : (Record no. 112233)

MARC details
000 -CABECERA
campo de control de longitud fija 00978ngm a2200229 a 4500
005 - FECHA Y HORA DE LA ÚLTIMA TRANSACCIÓN
campo de control 20240925070101.0
008 - ELEMENTOS DE LONGITUD FIJA--INFORMACIÓN GENERAL
campo de control de longitud fija 050913s2003 mx 026 aaspa d
035 ## - NÚMERO DE CONTROL DEL SISTEMA
Número de control de sistema UPN01000140085
049 ## - COLECCIÓN
Colección AV
050 #4 - SIGNATURA TOPOGRÁFICA DE LA BIBLIOTECA DEL CONGRESO
Número de clasificación DVD LC 27
245 04 - MENCIÓN DE TÍTULO
Título Las aventuras de :
Resto del título David y Goliat.
260 ## - PUBLICACIÓN, DISTRIBUCIÓN, ETC.
Lugar de publicación, distribución, etc. México :
Nombre del editor, distribuidor, etc. Eurolatinoamericano,
Fecha de publicación, distribución, etc. 2003.
300 ## - DESCRIPCIÓN FÍSICA
Extensión 1 DVD (26 min.) :
Otras características físicas son., col. ;
Dimensiones 4 3/4 plg.
440 #0 - MENCIÓN DE SERIE/ASIENTO SECUNDARIO--TÍTULO
Título Valores y familia : la valentía
440 #4 - MENCIÓN DE SERIE/ASIENTO SECUNDARIO--TÍTULO
Título Las aventuras de Juan el molinero
501 ## - NOTA DE "CON"
Nota de “Con” Con: Peter el héroe de Holanda
520 ## - NOTA DE RESUMEN, ETC.
Sumario, etc. Juan está durmiendo en la casa del bosque y de repente, se despierta por un fuerte grito de Nina que acaba de descubrir un mirciélago en la cabaña; Juan se da cuenta de que Nina necesita ser valiente; para ayudarla le cuenta la historia de David y Goliat y la historia de Peter el héroe de Holanda
650 #4 - ASIENTO SECUNDARIO DE MATERIA - TERMINO TEMATICO
Término de materia o nombre geográfico como elemento de entrada Educación moral
9 (RLIN) 1396
650 #4 - ASIENTO SECUNDARIO DE MATERIA - TERMINO TEMATICO
Término de materia o nombre geográfico como elemento de entrada Valores
9 (RLIN) 308
650 #2 - ASIENTO SECUNDARIO DE MATERIA - TERMINO TEMATICO
Término de materia o nombre geográfico como elemento de entrada Valentía
9 (RLIN) 15855
905 ## - TIPO DE MATERIAL
Tipo de material Audiovisuales
Holdings
Estado de retiro Estado de pérdida Fuente del sistema de clasificación o colocación Estado dañado No para préstamo Código de colección Localización permanente Ubicación/localización actual Ubicación en estantería Total de préstamos Clasificación Código de barras Fecha visto por última vez Número de copia Tipo de ítem Koha
    Library of Congress Classification     Audiovisuales Bib. Gregorio Torres Quintero Bib. Gregorio Torres Quintero Audiovisual   DVD LC 27 231641 31/12/2020 1 Formato Digital